Cintai Filem Malaysia : Love malaysian Films

Bibliographic Details
Format: Book
Published: Klang : Perbadanan Kemajuan Filem Nasional Malaysia , 1989
Subjects:

MARC

LEADER 00000cam a2200000 7i4500
001 0000099151
005 20121022.0
008 100526 bme
090 0 0 |a 791.43109595 CIN 
245 1 0 |a Cintai Filem Malaysia :   |b Love malaysian Films 
260 |a Klang :   |b Perbadanan Kemajuan Filem Nasional Malaysia ,   |c 1989 
300 |a xviii,286 :   |b col.ill ;   |c 30cm. 
650 0 0 |a Malaysian-Films 
999 |a 55410   |b Buku   |c Rujukan   |e Perbadanan Perpustakaan Awam Melaka 
999 |a 8884   |b Buku   |c Rujukan   |e Perbadanan Perpustakaan Awam Melaka 
999 |a 8887   |b Buku   |c Rujukan   |e Perpustakaan Cawangan Masjid Tanah